00569nem a22001811 4500001001100000005001700011007000900028008004100037020000800078034000600086040001500092110003700107245008500144255002200229260004100251300005000292651004500342000000893820151217161139.0aj cauun080623s xx a 0 eng d cKES0 aa aKABUcKABU2 aTourist Maps (Kenya)@000015974812aA tourist map of Kenya Coast including Mombasa islandh[map] /cTourist Maps (K) aScale 1 : 16,875. aNairobi :bTourist Maps (K),c[1996] a1 map :bcol ;c57x87 cm, folded to 29x15 cm. 0aKenya, CoastxMaps, Tourist.@0000159752